<?xml version="1.0" encoding="UTF-8"?>
<record
    xmlns:xsi="http://www.w3.org/2001/XMLSchema-instance"
    xsi:schemaLocation="http://www.loc.gov/MARC21/slim http://www.loc.gov/standards/marcxml/schema/MARC21slim.xsd"
    xmlns="http://www.loc.gov/MARC21/slim">

  <leader>03618cam a22003495a 4500</leader>
  <controlfield tag="001">016842067</controlfield>
  <controlfield tag="003">Uk</controlfield>
  <controlfield tag="005">20160809160106.0</controlfield>
  <controlfield tag="008">131216s2014    nyua   frb   |0|1 0|eng d</controlfield>
  <datafield tag="020" ind1=" " ind2=" ">
    <subfield code="a">1606504843</subfield>
  </datafield>
  <datafield tag="020" ind1=" " ind2=" ">
    <subfield code="a">9781606504840</subfield>
  </datafield>
  <datafield tag="040" ind1=" " ind2=" ">
    <subfield code="a">Uk</subfield>
    <subfield code="b">eng</subfield>
    <subfield code="c">Uk</subfield>
    <subfield code="d">EG-ScBUE </subfield>
  </datafield>
  <datafield tag="082" ind1="0" ind2="4">
    <subfield code="2">22</subfield>
    <subfield code="a">621.45</subfield>
    <subfield code="b">ABR</subfield>
  </datafield>
  <datafield tag="100" ind1="1" ind2=" ">
    <subfield code="a">Abraham, J. P. </subfield>
    <subfield code="q">(John P.)</subfield>
    <subfield code="9">40694</subfield>
  </datafield>
  <datafield tag="245" ind1="1" ind2="0">
    <subfield code="a">Small-scale wind power :</subfield>
    <subfield code="b">design, analysis, and environmental impacts /</subfield>
    <subfield code="c">John Abraham and Brian Plourde.</subfield>
  </datafield>
  <datafield tag="260" ind1=" " ind2=" ">
    <subfield code="a">New York :</subfield>
    <subfield code="b">Momentum Press, LLC,</subfield>
    <subfield code="c">2014.</subfield>
  </datafield>
  <datafield tag="300" ind1=" " ind2=" ">
    <subfield code="a">xiii, 178 p. :</subfield>
    <subfield code="b">ill. ;</subfield>
    <subfield code="c">23 cm.</subfield>
  </datafield>
  <datafield tag="490" ind1="0" ind2=" ">
    <subfield code="a">Environmental engineering collection</subfield>
  </datafield>
  <datafield tag="500" ind1=" " ind2=" ">
    <subfield code="a">Index : p. 173-178.</subfield>
  </datafield>
  <datafield tag="504" ind1=" " ind2=" ">
    <subfield code="a">Includes bibliographical references.</subfield>
  </datafield>
  <datafield tag="505" ind1=" " ind2=" ">
    <subfield code="a">1. Introduction to small-scale wind power / B.D. Plourde, E.D. Taylor, W.J. Minkowycz, and J.P. Abraham -- 2. Financial and implementation considerations of small-scale wind turbines / B.D. Plourde, E.D. Taylor, P.O. Okaka, and J.P. Abraham -- 3. Design of Darrieus-style wind turbines / M. Islam-- 4. Design of Savonius-style wind turbines / Sukanta Roy, Ujjwal K. Saha -- 5. Design of horizontal-axis wind turbines / M. Refan, H. Hangan -- 6. Numerical simulations of small wind turbines, HAWT style / Jimmy C.K. Tong -- 7. Case studies of small wind applications / M.H. Alzoubi </subfield>
  </datafield>
  <datafield tag="520" ind1=" " ind2=" ">
    <subfield code="a"> In today's world, clean and robust energy sources are being sought to provide power to residences, commercial operations, and manufacturing enterprises. Among the most appealing energy sources is wind power-- with its high reliability and low environmental impact. Wind power's rapid penetration into markets throughout the world has taken many forms. In some cases, wind power is produced in large industrial wind farms by large horizontal-axis wind turbines (HAWTs) that supply power directly to the grid. In other cases, wind power is produced more locally, at or near the site of power usage. In these cases, the wind is typically generated by smaller wind turbines that are in single-unit installations or in clusters of units. Regardless of the manifestation of the wind turbine systems, much thought must be given to the selection of the turbine, the economic viability of the installation, and the integration of the system to the connecting grid. It is the intention of this text to discuss these issues in detail so that appropriate decisions can be made with respect to wind power design, testing, installation, and analysis. The specific focus is on small-scale wind systems. While there is no universal definition of small-scale wind power, it generally refers to systems that produce only a few kilowatts, can be installed in constrained spaces, and have a small footprint.  </subfield>
  </datafield>
  <datafield tag="530" ind1=" " ind2=" ">
    <subfield code="a">Also published electronically.</subfield>
  </datafield>
  <datafield tag="650" ind1=" " ind2="7">
    <subfield code="2">BUEsh</subfield>
    <subfield code="9">11488</subfield>
    <subfield code="a">Wind power.</subfield>
  </datafield>
  <datafield tag="651" ind1=" " ind2=" ">
    <subfield code="2">BUEsh</subfield>
  </datafield>
  <datafield tag="653" ind1=" " ind2=" ">
    <subfield code="b">ENGGEN</subfield>
    <subfield code="c">August 2016	</subfield>
  </datafield>
  <datafield tag="650" ind1=" " ind2="7">
    <subfield code="9">31180</subfield>
    <subfield code="a">Small power production facilities</subfield>
  </datafield>
  <datafield tag="700" ind1="1" ind2=" ">
    <subfield code="a">Plourde, Brian.</subfield>
    <subfield code="9">40695</subfield>
  </datafield>
  <datafield tag="856" ind1=" " ind2=" ">
    <subfield code="u">http://eds.a.ebscohost.com/eds/detail/detail?vid=4&amp;sid=699a629b-c1b3-4c6e-9238-966b5173ea39%40sessionmgr4010&amp;hid=4202&amp;bdata=JnNpdGU9ZWRzLWxpdmU%3d#AN=812953&amp;db=e000xww</subfield>
    <subfield code="y">On campus</subfield>
    <subfield code="z">Available online at eBook Academic Collection (EBSCOhost)</subfield>
  </datafield>
  <datafield tag="856" ind1=" " ind2=" ">
    <subfield code="u">http://41.33.243.106:2048/login?url=http://search.ebscohost.com/login.aspx?authtype=url,ip,uid&amp;profile=edshttp://eds.a.ebscohost.com/eds/detail/detail?vid=4&amp;sid=699a629b-c1b3-4c6e-9238-966b5173ea39%40sessionmgr4010&amp;hid=4202&amp;bdata=JnNpdGU9ZWRzLWxpdmU%3d#AN=812953&amp;db=e000xww</subfield>
    <subfield code="y">Off campus</subfield>
    <subfield code="z">Available online at eBook Academic Collection (EBSCOhost)</subfield>
  </datafield>
  <datafield tag="942" ind1=" " ind2=" ">
    <subfield code="2">ddc</subfield>
    <subfield code="e">22</subfield>
    <subfield code="k">621.45 ABR</subfield>
  </datafield>
  <datafield tag="999" ind1=" " ind2=" ">
    <subfield code="c">22144</subfield>
    <subfield code="d">22116</subfield>
  </datafield>
  <datafield tag="952" ind1=" " ind2=" ">
    <subfield code="0">0</subfield>
    <subfield code="1">0</subfield>
    <subfield code="2">ddc</subfield>
    <subfield code="4">0</subfield>
    <subfield code="7">0</subfield>
    <subfield code="8">Baccah</subfield>
    <subfield code="a">MAIN</subfield>
    <subfield code="b">MAIN</subfield>
    <subfield code="c">1ST</subfield>
    <subfield code="d">2016-08-09</subfield>
    <subfield code="e">Purchase</subfield>
    <subfield code="g">459.00</subfield>
    <subfield code="h">25843</subfield>
    <subfield code="l">2</subfield>
    <subfield code="m">2</subfield>
    <subfield code="o">621.45 ABR</subfield>
    <subfield code="p">000033130</subfield>
    <subfield code="r">2025-07-15 00:00:00</subfield>
    <subfield code="s">2018-11-21</subfield>
    <subfield code="v">573.75</subfield>
    <subfield code="y">BB</subfield>
  </datafield>
</record>
